|
|
|
|
| LEADER |
00000nam0a2200000 4500 |
| 001 |
17312 |
| 005 |
20231101205135.0 |
| 010 |
|
|
|a 5717400020
|
| 035 |
|
|
|a (RuTPU)RU\TPU\book\17446
|
| 035 |
|
|
|a BOOK00000010
|
| 090 |
|
|
|a 17312
|
| 100 |
|
|
|a 20011209d1994 m y0rusy50 ca
|
| 101 |
0 |
|
|a rus
|
| 102 |
|
|
|a RU
|
| 105 |
|
|
|a y j 000zy
|
| 200 |
1 |
|
|a История США
|e учебное пособие
|f Б. Д. Козенко, Г. Н. Севостьянов
|
| 210 |
|
|
|a Самара
|d 1994
|
| 215 |
|
|
|a 479 с.
|
| 610 |
1 |
|
|a история
|
| 610 |
1 |
|
|a Америка
|
| 610 |
1 |
|
|a США
|
| 610 |
1 |
|
|a учебные пособия
|
| 686 |
|
|
|a Т3(7Сое)я7
|v LBC/SL-A
|2 rubbk
|
| 700 |
|
1 |
|a Козенко
|b Б. Д.
|g Борис Дмитриевич
|
| 701 |
|
1 |
|a Севостьянов
|b Г. Н.
|c российский историк-американист
|f 1916-2013
|g Григорий Николаевич
|2 stltpush
|3 (RuTPU)RU\TPU\pers\16708
|9 6035
|
| 801 |
|
0 |
|a RU
|b 63413507
|c 20011209
|g PSBO
|
| 801 |
|
2 |
|a RU
|b 63413507
|c 20230628
|g PSBO
|
| 942 |
|
|
|c BK
|